No somos invisibles : (Registro nro. 1643)

000 -CABECERA
campo de control de longitud fija 01379cam a22002894a 4500
001 - NÚMERO DE CONTROL
campo de control 14408762
003 - IDENTIFICADOR DEL NÚMERO DE CONTROL
campo de control OSt
005 - FECHA Y HORA DE LA ÚLTIMA TRANSACCIÓN
campo de control 20210614140809.0
008 - DATOS DE LONGITUD FIJA--INFORMACIÓN GENERAL
campo de control de longitud fija 060529s2004 pe a b 000 0 spa
010 ## - NÚMERO DE CONTROL DE LA BIBLIOTECA DEL CONGRESO
Número de control de LC 2006468244
040 ## - FUENTE DE LA CATALOGACIÓN
Centro/agencia transcriptor CAAAP
050 00 - SIGNATURA TOPOGRÁFICA DE LA BIBLIOTECA DEL CONGRESO
Número de clasificación HD 6231
Número de documento/Ítem A79
245 00 - MENCIÓN DE TÍTULO
Título No somos invisibles :
Resto del título resultados de consulta a trabajadores infantiles domésticos (TID) y ex trabajadores infantiles domésticos (EXTID) en Perú (ciudades de Lima, Cajamarca y Pucallpa) /
Mención de responsabilidad, etc. [responsable de la consulta e informe final: Blanca Figueroa].
246 30 - FORMA VARIANTE DE TÍTULO
Título propio/Titulo breve Resultados de consulta a trabajadores infantiles domésticos (TID) y ex trabajadores infantiles domésticos (EXTID) en Perú (ciudades de Lima, Cajamarca y Pucallpa)
250 ## - MENCIÓN DE EDICIÓN
Mención de edición 1a. ed.
260 ## - PUBLICACIÓN, DISTRIBUCIÓN, ETC.
Lugar de publicación, distribución, etc. Lima, Perú :
Nombre del editor, distribuidor, etc. Asociación Grupo de Trabajo Redes,
Fecha de publicación, distribución, etc. [2004]
300 ## - DESCRIPCIÓN FÍSICA
Extensión 107 p.:
Otras características físicas il. ;
Dimensiones 22 cm.
504 ## - NOTA DE BIBLIOGRAFÍA, ETC.
Nota de bibliografía, etc. Incluye referencias bibliográficas.
505 0# - NOTA DE CONTENIDO CON FORMATO
Nota de contenido con formato Condiciones del trabajo infantil doméstico -- Respeto a algunos derechos -- Evaluación de la experiencia en servicio doméstico -- Reflexión sobre el futuro -- Redes de apoyo.
650 #0 - PUNTO DE ACCESO ADICIONAL DE MATERIA--TÉRMINO DE MATERIA
Término de materia o nombre geográfico como elemento de entrada Trabajo infantil
9 (RLIN) 3318
650 #0 - PUNTO DE ACCESO ADICIONAL DE MATERIA--TÉRMINO DE MATERIA
Término de materia o nombre geográfico como elemento de entrada Trabajadores domésticos
9 (RLIN) 3319
650 #0 - PUNTO DE ACCESO ADICIONAL DE MATERIA--TÉRMINO DE MATERIA
Término de materia o nombre geográfico como elemento de entrada Derechos infantiles
9 (RLIN) 3321
651 #0 - PUNTO DE ACCESO ADICIONAL DE MATERIA--NOMBRE GEOGRÁFICO
9 (RLIN) 12
Nombre geográfico Perú
700 1# - PUNTO DE ACCESO ADICIONAL--NOMBRE DE PERSONA
Nombre de persona Figueroa, Blanca.
9 (RLIN) 3317
710 2# - PUNTO DE ACCESO ADICIONAL--NOMBRE DE ENTIDAD CORPORATIVA
Nombre de entidad corporativa o nombre de jurisdicción como elemento de entrada Asociación Grupo de Trabajo Redes (Lima, Peru)
9 (RLIN) 3320
942 ## - ELEMENTOS DE PUNTO DE ACCESO ADICIONAL (KOHA)
Fuente del sistema de clasificación o colocación
Tipo de ítem Koha Libros
Existencias
Estado de retiro Estado de pérdida Fuente del sistema de clasificación o colocación Estado dañado No para préstamo Localización permanente Ubicación/localización actual Ubicación en estantería Fecha de adquisición Total de préstamos Signatura topográfica completa Fecha visto por última vez Precio válido a partir de Tipo de ítem Koha
          CENTRO DE DOCUMENTACIÓN (CENDOC) CENTRO DE DOCUMENTACIÓN (CENDOC)   06/14/2021   HD 6231 A79 06/14/2021 06/14/2021 Libros
Centro de Documentación CAAAP | AV. Manuel González Prada 626, Magdalena del Mar | (51-1) 4615223 Anexo 205 y 209 | cendoc@caaap.org.pe